Statistiques concernant Intercommunalités de l'Essonne

Cliquez ici pour prendre le quiz!

Statistiques générales

  • Ce quiz a été pris 11 fois
  • Le résultat moyen est 4 sur 10

Statistiques - réponses

Nombres de CommunesIntercommunalités% Correct
23 (dont 08 dans la Seine-et-Marne)Communauté d'agglomération Grand Paris Sud
64%
27Communauté d'agglomération Paris-Saclay
64%
37Communauté d'agglomération de l'Étampois Sud-Essonne
55%
11Communauté de communes Le Dourdannais en Hurepoix
55%
15Communauté de communes des 2 Vallées
45%
09Communauté d'agglomération Val d'Yerres Val de Seine
27%
16Communauté de communes Entre Juine et Renarde
27%
21Cœur d'Essonne Agglomération
18%
14Communauté de communes du Pays de Limours
18%
21Communauté de communes du Val d'Essonne
18%

Distribution des résultats

Percentile par nombre de réponses

% des personnes avec chaque résultat

Votre développement - résultats

Vous n’avez pas pris ce quiz